[Event "World Rapid Women 2019"]
[Site "Moscow RUS"]
[Date "2019.12.27"]
[Round "8.30"]
[White "Yakimova, Mariya"]
[Black "Dordzhieva, Dinara"]
[Result "0-1"]
[WhiteTitle "WFM"]
[BlackTitle "WIM"]
[WhiteElo "2288"]
[BlackElo "2314"]
[WhiteFideId "34188859"]
[BlackFideId "24157570"]
[EventDate "2019.12.26"]

1. d4 Nf6 2. c4 e6 3. g3 d5 4. Nf3 dxc4 5. Bg2 a6 6. O-O Nc6 7. Nc3 Rb8 8. e4
Be7 9. Be3 O-O 10. Qe2 b5 11. Rfd1 Bb7 12. d5 exd5 13. e5 Nd7 14. Nxd5 Nb4 15.
Nxb4 Bxb4 16. e6 fxe6 17. Ng5 Qe7 18. Bxb7 Rxb7 19. Qg4 Nf6 20. Qxe6+ Qxe6 21.
Nxe6 Re8 22. Rd8 Bd6 23. Rxe8+ Nxe8 24. Nc5 Bxc5 25. Bxc5 Nf6 26. Rd1 Rb8 27. f3
Re8 28. Kf2 Kf7 29. g4 Re5 30. Bb4 Rd5 31. Re1 Rd7 32. Kg3 Nd5 33. Ba5 c6 34. h4
Re7 35. f4 b4 36. Rxe7+ Kxe7 37. Kf2 c3 38. bxc3 bxc3 39. Ke2 Nxf4+ 40. Kd1 Nd5
41. Kc2 Ke6 42. Bd8 g6 43. Bg5 Ke5 44. h5 Kd4 45. a3 Ne3+ 46. Bxe3+ Kxe3 47.
hxg6 hxg6 48. Kxc3 Kf4 49. Kb4 Kxg4 50. Ka5 c5 51. a4 Kf4 52. Kxa6 c4 53. Kb6 c3
54. a5 c2 0-1

[Event "World Rapid Women 2019"]
[Site "Moscow RUS"]
[Date "2019.12.27"]
[Round "8.31"]
[White "Tomilova, Elena"]
[Black "Pourkashiyan, Atousa"]
[Result "1/2-1/2"]
[WhiteTitle "WGM"]
[BlackTitle "WGM"]
[WhiteElo "2341"]
[BlackElo "2305"]
[WhiteFideId "4162340"]
[BlackFideId "12502014"]
[EventDate "2019.12.26"]

1. d4 Nf6 2. Bg5 d5 3. Bxf6 exf6 4. e3 c6 5. g3 Bd6 6. Bg2 Bf5 7. Nd2 Qd7 8. c4
Na6 9. a3 O-O 10. Ne2 Bh3 11. O-O Bxg2 12. Kxg2 dxc4 13. Nxc4 Be7 14. Nc3 Nc7
15. Qf3 Ne6 16. h4 Rad8 17. Rfd1 Nc7 18. Rac1 f5 19. Ne5 Qe6 20. Nd3 g6 21. Nf4
Qf6 22. Rd2 Bd6 23. Nfe2 Qe7 24. Rcd1 Rfe8 25. d5 cxd5 26. Nxd5 Nxd5 27. Rxd5
Bc7 28. Nc3 b6 29. h5 Be5 30. Rxd8 Rxd8 31. Nd5 Qe6 32. b4 b5 33. e4 fxe4 34.
Qxe4 f5 35. Nf4 fxe4 36. Rxd8+ Kf7 37. Nxe6 Kxe6 38. h6 Bb2 39. Rb8 Bxa3 40. Rb7
Bxb4 41. Rxh7 Bd2 42. Rg7 Kf6 43. Rxa7 Bxh6 44. Rb7 Bd2 45. Rxb5 e3 46. fxe3
Bxe3 47. Kf3 Bd2 48. Kg4 Bc1 49. Rb6+ Kg7 50. Ra6 Bd2 51. Kh4 Kh6 52. Re6 Bc1
53. g4 Bg5+ 54. Kg3 Bd2 55. Re5 Bc3 56. Rd5 Bb2 57. Kf4 Bc1+ 58. Ke4 Bb2 59. Rb5
Bc1 60. Rb1 Bd2 61. Rd1 Ba5 62. Rb1 Bd2 63. Rb5 Bc1 64. Kd3 Bf4 65. Kc4 Bc1 66.
Rd5 Be3 67. Kb5 Kg7 68. g5 Kf7 69. Kc4 Ke6 70. Rb5 Bf2 71. Kd3 Bg1 72. Ke4 Bf2
73. Ra5 Kf7 74. Ra6 Be1 75. Rf6+ Kg7 76. Rd6 Kf7 77. Rd1 Bc3 78. Kf4 Ke6 79. Rd3
Be5+ 80. Ke4 Bb2 81. Rf3 Bg7 82. Ra3 Bb2 83. Ra6+ Kf7 84. Rc6 Ba1 85. Kd5 Bb2
86. Rc7+ Kg8 87. Ke6 Bd4 88. Rb7 Bc3 89. Rb3 Bd4 90. Rb8+ Kg7 91. Rb3 Kg8 92.
Rd3 Bb2 93. Rb3 Bd4 94. Rf3 Bb2 95. Ke7 Kg7 96. Rf7+ Kg8 97. Rf6 Kg7 98. Rf7+
Kg8 99. Rf2 Bc3 100. Ke6 Bd4 101. Rc2 Ba1 102. Ra2 Bc3 103. Rc2 Ba1 104. Kd5 Kf7
105. Ke4 Kg8 106. Ra2 Bc3 107. Kd5 Kf7 108. Kc4 Be5 109. Re2 Ba1 110. Rf2+ Kg8
111. Kd5 Bc3 112. Ke6 Bd4 113. Rd2 Bc3 114. Rd5 Bb2 115. Rd7 Bc3 116. Rc7 Bb2
117. Rb7 1/2-1/2

[Event "World Rapid Women 2019"]
[Site "Moscow RUS"]
[Date "2019.12.27"]
[Round "8.33"]
[White "Nomin-Erdene, Davaademberel"]
[Black "Mamedjarova, Turkan"]
[Result "0-1"]
[WhiteTitle "IM"]
[BlackTitle "WGM"]
[WhiteElo "2425"]
[BlackElo "2310"]
[WhiteFideId "4900782"]
[BlackFideId "13402005"]
[EventDate "2019.12.26"]

1. e4 e5 2. Nf3 Nc6 3. Bb5 a6 4. Ba4 Nf6 5. O-O Bc5 6. c3 b5 7. Bb3 d6 8. a4 Bb7
9. d4 Bb6 10. Re1 h6 11. Na3 O-O 12. d5 Ne7 13. Be3 Bxe3 14. Rxe3 Qd7 15. h3 Kh8
16. axb5 axb5 17. Bc2 Ng6 18. Qf1 Nf4 19. Nh4 g6 20. Rd1 c6 21. dxc6 Bxc6 22.
Nf3 Rfe8 23. Qe1 g5 24. Qd2 Rad8 25. c4 g4 26. hxg4 Qxg4 27. Ne1 Rg8 28. cxb5
Ba8 29. Nc4 Rd7 30. f3 Qh4 31. Nb6 N6h5 32. g4 f5 33. Qh2 Nh3+ 34. Kf1 Rdg7 35.
Rd2 fxg4 36. Ng2 Qf6 37. Ke1 gxf3 38. Qxh3 fxg2 39. Rxg2 Rxg2 40. Rf3 Qg5 0-1

[Event "World Rapid Women 2019"]
[Site "Moscow RUS"]
[Date "2019.12.27"]
[Round "8.34"]
[White "Manakova, Maria"]
[Black "Strutinskaia, Galina"]
[Result "0-1"]
[WhiteTitle "WGM"]
[BlackTitle "WGM"]
[WhiteElo "2238"]
[BlackElo "2214"]
[WhiteFideId "927007"]
[BlackFideId "4108558"]
[EventDate "2019.12.26"]

1. e4 c5 2. Nf3 d6 3. d4 cxd4 4. Nxd4 Nf6 5. Nc3 a6 6. Be2 e5 7. Nb3 Be7 8. O-O
O-O 9. Be3 Be6 10. Nd5 Nxd5 11. exd5 Bc8 12. c4 b6 13. Nd2 f5 14. f3 a5 15. Nb1
Nd7 16. Nc3 Nc5 17. b3 Bd7 18. a3 Bf6 19. b4 axb4 20. axb4 Rxa1 21. Qxa1 Nb3 22.
Qa7 Nd4 23. Ra1 e4 24. Ra6 exf3 25. gxf3 Re8 26. Rxb6 Qe7 27. Bf2 Be5 28. Rb7
Qg5+ 29. Kf1 Qc1+ 30. Be1 Nxf3 31. Nd1 Nxh2+ 32. Kg2 Qg5+ 33. Kh1 Bc8 34. Rb8
Ng4 35. Qg1 Bf4 36. Qg2 Kf8 37. Bg3 Ne3 38. Nxe3 Bxg3 39. Nf1 Qh4+ 40. Kg1 Be5
41. Qf3 Bd4+ 42. Kg2 Qg5+ 43. Ng3 f4 44. Rxc8 Rxc8 45. Qg4 Qxg4 46. Bxg4 Rxc4
47. Ne2 Be5 48. b5 Ke7 49. Bf5 Rb4 50. Bd3 g5 51. Bxh7 Rxb5 52. Kf3 Rxd5 53. Nc1
Rd1 54. Nd3 Rg1 55. Nf2 d5 56. Bf5 Kf6 57. Bh3 Rg3+ 58. Ke2 Bd4 59. Ng4+ Kg6 0-1

[Event "World Rapid Women 2019"]
[Site "Moscow RUS"]
[Date "2019.12.27"]
[Round "8.35"]
[White "Getman, Tatyana"]
[Black "Bivol, Alina"]
[Result "0-1"]
[WhiteTitle "WFM"]
[BlackTitle "WGM"]
[WhiteElo "2265"]
[BlackElo "2374"]
[WhiteFideId "34166146"]
[BlackFideId "4100123"]
[EventDate "2019.12.26"]

1. d4 Nf6 2. c4 g6 3. Nc3 Bg7 4. e4 d6 5. Nf3 Bg4 6. h3 Bxf3 7. Qxf3 O-O 8. Be3
Nbd7 9. Qd1 c5 10. d5 a6 11. a4 Qa5 12. Bd3 Ne5 13. O-O Nxd3 14. Qxd3 Nd7 15. f4
Qb4 16. a5 b5 17. cxb5 c4 18. Qc2 axb5 19. a6 Nc5 20. a7 Nb3 21. Ra6 Bd4 22.
Bxd4 Nxd4 23. Qf2 Nb3 24. Rb6 Qa5 25. Rb7 b4 26. Rb5 Qxa7 27. Rxb4 Qc7 28. Qb6
Qxb6+ 29. Rxb6 Rfb8 30. Rc6 Ra7 31. e5 Na5 32. exd6 Nxc6 33. dxc6 exd6 34. Nd5
Rc8 35. c7 Rcxc7 36. Nxc7 Rxc7 37. Rd1 Rc6 38. Kf2 Kf8 39. Kf3 Ke7 40. g4 Rb6
41. Rd4 Rb3+ 42. Ke4 c3 43. bxc3 Rxc3 44. Ra4 Rxh3 45. Ra7+ Kf6 46. Ra6 Rg3 47.
g5+ Ke6 48. Rb6 Ra3 49. Rc6 Ra4+ 50. Ke3 Kf5 51. Rc7 Re4+ 52. Kd3 Rxf4 53. Rxf7+
Kxg5 54. Rxh7 Kf6 55. Ke3 Rf5 56. Ke4 Ke6 57. Rg7 Re5+ 58. Kd4 Rg5 59. Ke4 d5+
60. Kf4 Rg1 61. Rg8 g5+ 62. Ke3 Kf5 63. Rf8+ Kg4 64. Rd8 Rd1 65. Ke2 Rd4 66. Ke3
Re4+ 67. Kf2 Re5 68. Rd7 Kf4 69. Rf7+ Rf5 70. Re7 g4 71. Kg2 Re5 72. Rf7+ Ke3
73. Kg3 Re4 74. Rf1 d4 75. Re1+ Kd3 76. Ra1 Ke2 77. Ra4 Ke3 78. Ra2 d3 79. Kg2
d2 80. Ra3+ Ke2 81. Ra2 Ke1 82. Kh2 d1=Q 83. Rf2 g3+ 84. Kxg3 Qg4+ 85. Kh2 Qh4+ 0-1

[Event "World Rapid Women 2019"]
[Site "Moscow RUS"]
[Date "2019.12.27"]
[Round "8.36"]
[White "Buksa, Nataliya"]
[Black "Shafigullina, Zarina"]
[Result "1-0"]
[WhiteTitle "IM"]
[BlackTitle "WFM"]
[WhiteElo "2403"]
[BlackElo "2269"]
[WhiteFideId "14123622"]
[BlackFideId "24174220"]
[EventDate "2019.12.26"]

1. e4 c5 2. Nf3 Nc6 3. Bb5 g6 4. Bxc6 bxc6 5. d4 Bg7 6. dxc5 Qa5+ 7. Nbd2 Ba6 8.
Rb1 Qxa2 9. b4 Bc4 10. e5 Rb8 11. Rb2 Qa6 12. Nxc4 Qxc4 13. Qd3 Qe6 14. O-O Bxe5
15. Re1 f6 16. Qa6 Qg4 17. Nxe5 fxe5 18. Qxa7 Rxb4 19. h3 Qd4 20. Rxb4 Qxb4 21.
Rxe5 Qb1 22. Re1 h5 23. Qa4 Kf7 24. Qc4+ e6 25. Qc3 Rh7 26. Bg5 Qa2 27. Rd1 Ke8
28. Qe5 Qa7 29. Rb1 Kf7 30. Rb8 Qa4 31. Qd6 Qa1+ 32. Kh2 1-0

[Event "World Rapid Women 2019"]
[Site "Moscow RUS"]
[Date "2019.12.27"]
[Round "8.37"]
[White "Balaian, Alina"]
[Black "Cramling, Pia"]
[Result "1/2-1/2"]
[WhiteTitle "WIM"]
[BlackTitle "GM"]
[WhiteElo "2243"]
[BlackElo "2461"]
[WhiteFideId "24115347"]
[BlackFideId "1700030"]
[EventDate "2019.12.26"]

1. e4 c5 2. Nf3 d6 3. d4 cxd4 4. Nxd4 Nf6 5. Nc3 Nc6 6. Bc4 Qb6 7. Nxc6 bxc6 8.
O-O g6 9. Be3 Qxb2 10. Bd4 Qb4 11. Bxf6 exf6 12. Qd4 Ke7 13. Nd5+ cxd5 14. Qxd5
Be6 15. Qxa8 Qxc4 16. Rab1 Bg7 17. Qxa7+ Bd7 18. Rb7 Rd8 19. a4 Ke8 20. a5 f5
21. Rc7 Qxe4 22. Rd1 Qe2 23. Rb1 Qd2 24. Qe3+ Qxe3 25. fxe3 Bh6 26. Kf2 Ra8 27.
a6 Kd8 28. Rbb7 Bc8 29. Ra7 Rb8 30. Rxf7 Rb2 31. Rxh7 Rxc2+ 32. Kf3 Bf8 33. h4
Ra2 34. Rhf7 Ke8 35. Rfc7 Kd8 36. Rf7 Ke8 37. Rfc7 Kd8 38. Rf7 Ke8 1/2-1/2

[Event "World Rapid Women 2019"]
[Site "Moscow RUS"]
[Date "2019.12.27"]
[Round "8.38"]
[White "Nebolsina, Vera"]
[Black "Badelka, Olga"]
[Result "1/2-1/2"]
[WhiteTitle "WGM"]
[BlackTitle "IM"]
[WhiteElo "2240"]
[BlackElo "2399"]
[WhiteFideId "4163591"]
[BlackFideId "13509926"]
[EventDate "2019.12.26"]

1. e4 c5 2. Nc3 Nc6 3. Bb5 Nd4 4. Nf3 Nxb5 5. Nxb5 a6 6. Nc3 d6 7. d4 cxd4 8.
Qxd4 e5 9. Qb4 Ne7 10. Be3 Nc6 11. Qb6 Qxb6 12. Bxb6 Be6 13. O-O Be7 14. Rfd1
Rc8 15. Nd5 Bxd5 16. exd5 Nb8 17. Rac1 Nd7 18. Be3 f5 19. c4 f4 20. Bd2 g5 21.
Bb4 g4 22. Nd2 Nf6 23. Ba3 Kd7 24. c5 b5 25. cxb6 Rxc1 26. Rxc1 Nxd5 27. Nc4 Rb8
28. Rd1 Ke6 29. Kf1 Nxb6 30. Bxd6 Rb7 31. Nxb6 Rxb6 32. Bxe7 Kxe7 33. b3 Rc6 34.
f3 gxf3 35. gxf3 Ke6 36. Ke2 Kf5 37. Rd8 Rc2+ 38. Rd2 Rc3 39. Kf2 h5 40. Ke2 h4
41. Rd3 Rc2+ 42. Rd2 Rc6 43. Rd8 Rc2+ 44. Rd2 Rc1 45. Rd1 Rc6 46. Rd8 h3 47.
Rf8+ Ke6 48. Re8+ Kf6 49. Kd2 Rd6+ 50. Ke2 Rd7 51. Rh8 Rg7 52. Rh6+ Kf5 53. Rh5+
Ke6 54. Rxh3 Rg2+ 55. Kd3 Rxa2 56. Rh8 Rb2 57. Rh6+ Kd5 58. Rxa6 Rf2 59. Ra5+
Ke6 60. h4 Rxf3+ 61. Kc4 Rh3 62. b4 Rxh4 63. b5 f3+ 64. Kd3 Rf4 65. Ra1 Kf5 66.
Ke3 Rb4 67. Kxf3 Rxb5 68. Ra4 Rb3+ 69. Ke2 Rg3 70. Kf2 Rh3 71. Ke2 e4 72. Ra8 1/2-1/2

[Event "World Rapid Women 2019"]
[Site "Moscow RUS"]
[Date "2019.12.27"]
[Round "8.39"]
[White "Zhukova, Natalia"]
[Black "Bykova, Anastasia"]
[Result "0-1"]
[WhiteTitle "GM"]
[BlackTitle "WFM"]
[WhiteElo "2324"]
[BlackElo "2247"]
[WhiteFideId "14101513"]
[BlackFideId "4164970"]
[EventDate "2019.12.26"]

1. c4 c6 2. d4 d5 3. Nf3 Nf6 4. Nc3 dxc4 5. a4 Bf5 6. Ne5 Nbd7 7. Nxc4 Nb6 8.
Ne3 Bg6 9. a5 Nbd5 10. Nexd5 Nxd5 11. a6 b6 12. f3 Nb4 13. e4 Qxd4 14. Qxd4 Nc2+
15. Kf2 Nxd4 16. Bf4 e6 17. Rd1 Nb3 18. Kg3 Be7 19. Bc4 Nc5 20. b4 Nd7 21. Nb5
cxb5 22. Bxb5 O-O 23. Rxd7 Bxb4 24. Rhd1 h6 25. Rb7 Rfc8 26. Rdd7 Be1+ 27. Kh3
Rc5 28. g3 Rxb5 29. Rxa7 Rxa7 30. Rxa7 Ra5 31. Be3 Kh7 32. Ra8 f5 33. Bxb6 Ra3
34. Bc5 Ra2 35. Bd4 fxe4 36. Ra7 h5 37. f4 Bf5+ 38. Kh4 Kh6 39. Bg1 Bc3 40. Ra8
Bf6# 0-1

[Event "World Rapid Women 2019"]
[Site "Moscow RUS"]
[Date "2019.12.27"]
[Round "8.40"]
[White "Kulon, Klaudia"]
[Black "Styazhkina, Anna"]
[Result "0-1"]
[WhiteTitle "IM"]
[BlackTitle "WIM"]
[WhiteElo "2345"]
[BlackElo "2289"]
[WhiteFideId "1131044"]
[BlackFideId "24119300"]
[EventDate "2019.12.26"]

1. c4 e5 2. g3 Nf6 3. Bg2 d5 4. cxd5 Nxd5 5. Nc3 Nb6 6. e3 Nc6 7. Nge2 Bf5 8.
O-O Be7 9. f4 exf4 10. Nxf4 Qd7 11. d4 O-O 12. h3 h6 13. Kh2 Rad8 14. b3 Bd6 15.
Bb2 Rfe8 16. Qf3 Bxf4 17. Qxf4 Bg6 18. Rad1 Qe7 19. Rfe1 a5 20. Nb5 Nd5 21. Qf2
Nxe3 22. Nxc7 Nxd1 23. Rxe7 Rxe7 24. Qd2 Nxb2 25. Nd5 Red7 26. Nf4 Rxd4 27. Qxb2
Rd2 28. Qc3 Be4 29. h4 Rc2 30. Qe3 Bxg2 31. Nxg2 Rdd2 32. Qe8+ Kh7 33. Kh3 Rxg2
34. h5 Rce2 35. Qc8 Rh2+ 36. Kg4 Ne5+ 37. Kf5 Rhf2# 0-1

[Event "World Rapid Women 2019"]
[Site "Moscow RUS"]
[Date "2019.12.27"]
[Round "8.41"]
[White "Kovalevskaya, Ekaterina"]
[Black "Belenkaya, Dina"]
[Result "1-0"]
[WhiteTitle "IM"]
[BlackTitle "WGM"]
[WhiteElo "2407"]
[BlackElo "2298"]
[WhiteFideId "4116704"]
[BlackFideId "24142654"]
[EventDate "2019.12.26"]

1. Nf3 d5 2. g3 Nf6 3. Bg2 c6 4. O-O Bg4 5. d3 Nbd7 6. Nbd2 e5 7. e4 dxe4 8.
dxe4 Bc5 9. Qe2 Qe7 10. h3 Bh5 11. Nc4 O-O 12. Ne3 Bg6 13. Nh4 Qe6 14. Nef5 Rfd8
15. c3 Nb6 16. b3 Rd7 17. Bg5 Rad8 18. Rad1 a5 19. Rxd7 Rxd7 20. Rd1 a4 21. Bxf6
Qxf6 22. Rxd7 Nxd7 23. b4 Bf8 24. Qd1 Nb6 25. Bf1 c5 26. a3 Bxf5 27. Nxf5 g6 28.
Ne3 Kg7 29. Nc4 cxb4 30. cxb4 Nxc4 31. Bxc4 Qc6 32. Qd5 Qc7 33. Kg2 h5 34. Bb5
Qd6 35. Qxb7 g5 36. Qd5 Qc7 37. Bxa4 Qc3 38. Bb3 Qc7 39. Bc4 Kg6 40. Bb5 Bd6 41.
Be8 Bf8 42. Qc6+ Qxc6 43. Bxc6 Kf6 44. Kf1 Ke6 45. Ke2 f5 46. exf5+ Kxf5 47. Kd3
h4 48. Be4+ Ke6 49. gxh4 gxh4 50. Kc4 Kd6 51. a4 Be7 52. a5 Bd8 53. Kb5 Kc7 54.
Ka6 Be7 55. b5 Bc5 56. b6+ Kd6 57. Kb5 Bxf2 58. a6 1-0

[Event "World Rapid Women 2019"]
[Site "Moscow RUS"]
[Date "2019.12.27"]
[Round "8.42"]
[White "Guindy, Esmat Susanne"]
[Black "Mamedjarova, Zeinab"]
[Result "1/2-1/2"]
[WhiteTitle "WFM"]
[BlackTitle "WGM"]
[WhiteElo "2120"]
[BlackElo "2278"]
[WhiteFideId "1401637"]
[BlackFideId "13401521"]
[EventDate "2019.12.26"]

1. c4 e6 2. Nf3 d5 3. d4 dxc4 4. Nc3 c5 5. e3 a6 6. a4 Nc6 7. Bxc4 Nf6 8. O-O
Be7 9. dxc5 Qc7 10. Qe2 O-O 11. e4 Bxc5 12. e5 Nd7 13. Bf4 Nd4 14. Nxd4 Bxd4 15.
Rfe1 Bxe5 16. Bxe5 Nxe5 17. Bxe6 Ng6 18. Bxc8 Raxc8 19. Nd5 Qc2 20. h4 Qb3 21.
Rad1 Rc2 22. Ne7+ Nxe7 23. Qxe7 Qb6 24. Re2 Rxb2 25. Rxb2 Qxb2 26. Rd8 Qc1+ 27.
Kh2 Qf4+ 28. Kg1 Qc1+ 29. Kh2 Qf4+ 30. Kg1 Qc1+ 1/2-1/2

[Event "World Rapid Women 2019"]
[Site "Moscow RUS"]
[Date "2019.12.27"]
[Round "8.43"]
[White "Mikhaylova, Irina"]
[Black "Injac, Teodora"]
[Result "0-1"]
[WhiteTitle "WGM"]
[BlackTitle "WIM"]
[WhiteElo "2288"]
[BlackElo "2284"]
[WhiteFideId "4109040"]
[BlackFideId "932400"]
[EventDate "2019.12.26"]

1. d4 Nf6 2. Nf3 g6 3. c4 Bg7 4. Nc3 O-O 5. e4 d6 6. Be2 e5 7. dxe5 dxe5 8. Qxd8
Rxd8 9. Bg5 Re8 10. Nd5 Nxd5 11. cxd5 c6 12. Bc4 cxd5 13. Bxd5 Na6 14. O-O-O Nc5
15. Be3 Ne6 16. Kb1 h6 17. Rc1 a6 18. Rhd1 Re7 19. Rc2 Nf4 20. Rdc1 Be6 21. Bxf4
exf4 22. Bxe6 Rxe6 23. Rc8+ Rxc8 24. Rxc8+ Kh7 25. Nd2 Re7 26. f3 Rd7 27. Rc2
Bd4 28. Nc4 b5 29. Nd2 Be3 30. Kc1 Kg7 31. Kd1 Kf6 32. Ke2 Rd6 33. Nf1 Bb6 34.
Nd2 Be3 35. Nb1 Bd4 36. Nc3 Ke5 37. h3 Rc6 38. Kd3 Bxc3 39. Rxc3 Rd6+ 40. Ke2 f5
41. Rc5+ Kd4 42. Rc8 fxe4 43. fxe4 Kxe4 44. Rh8 h5 45. Ra8 Rc6 46. Kd2 Kf5 47.
Rf8+ Kg5 48. Kd3 Rf6 49. Ra8 Kh4 50. Ke2 Kg3 51. Kf1 Rc6 52. Rg8 Rf6 53. Kg1 f3
54. gxf3 Kxf3 55. Kh2 Kf4 56. Rc8 Rd6 57. Rc2 g5 58. Rf2+ Ke3 59. Rf5 Rd2+ 60.
Kg3 Rxb2 61. Rxg5 Rxa2 62. Rxh5 b4 63. Rh8 a5 64. Rb8 Kd4 65. h4 Kc3 66. h5 Ra1
67. Kg2 Rd1 68. h6 Rd7 69. Kg3 a4 70. Rc8+ Kb2 71. Rc4 Kb3 72. Rh4 Rh7 73. Kf4
a3 74. Kg5 a2 75. Rh1 Kb2 76. Rh2+ Ka3 77. Rh1 b3 78. Kg6 Rh8 79. Kg7 Rb8 80. h7
b2 81. Rh3+ Ka4 82. Rh4+ Ka5 0-1

[Event "World Rapid Women 2019"]
[Site "Moscow RUS"]
[Date "2019.12.27"]
[Round "8.44"]
[White "Tsogzolmaa, Nanjid"]
[Black "Hejazipour, Mitra"]
[Result "0-1"]
[BlackTitle "WGM"]
[WhiteElo "1884"]
[BlackElo "2277"]
[WhiteFideId "4903099"]
[BlackFideId "12505951"]
[EventDate "2019.12.26"]

1. d4 Nf6 2. Nf3 e6 3. Bf4 d5 4. e3 Bd6 5. Bg3 c5 6. Nbd2 Qc7 7. dxc5 Bxg3 8.
hxg3 Qxc5 9. Bd3 Nc6 10. a3 e5 11. e4 d4 12. b4 Qe7 13. O-O Bg4 14. Nb3 h5 15.
Qd2 Bxf3 16. gxf3 h4 17. g4 Nh7 18. f4 exf4 19. Qxf4 Ng5 20. Kh1 Rd8 21. Nc5 Ne6
22. Nxe6 Qxe6 23. Rad1 Ne5 24. Bb5+ Kf8 25. Be2 g6 26. f3 Kg7 27. Rd2 a6 28.
Rfd1 Rc8 29. Rxd4 Rxc2 30. Rd6 Qe7 31. R6d5 Re8 32. Bd3 Rf2 33. Kg1 Rxf3 34. Qc1
Qe6 35. Rd2 Nxd3 36. R5xd3 Rxd3 37. Rxd3 Qxg4+ 38. Kh2 Rxe4 39. Qc3+ Kh7 40. Rd2
Qf4+ 41. Kg2 Re3 42. Qd4 Qg3+ 0-1

[Event "World Rapid Women 2019"]
[Site "Moscow RUS"]
[Date "2019.12.27"]
[Round "8.45"]
[White "Munkhzul, Davaakhuu"]
[Black "Fataliyeva, Ulviyya"]
[Result "0-1"]
[WhiteTitle "WCM"]
[BlackTitle "WGM"]
[WhiteElo "1991"]
[BlackElo "2387"]
[WhiteFideId "4902815"]
[BlackFideId "13403052"]
[EventDate "2019.12.26"]

1. e4 e6 2. d4 d5 3. Nd2 a6 4. Ngf3 Nf6 5. Bd3 c5 6. dxc5 Bxc5 7. O-O O-O 8. Qe2
Nc6 9. a3 Re8 10. b4 Bf8 11. Bb2 e5 12. Rfd1 Bg4 13. h3 Bh5 14. Nf1 dxe4 15.
Bxe4 Nd4 16. Qe1 Nxe4 17. Qxe4 f5 18. Qxb7 Bxf3 19. gxf3 Rb8 20. Qxa6 Nxf3+ 21.
Kg2 Nh4+ 22. Kh1 Qg5 23. Ne3 Rbc8 24. Rg1 Qf4 25. Ng2 Qf3 26. Qd3 Rxc2 27. Qxf3
Nxf3 28. Rgb1 Rxf2 29. b5 e4 30. b6 e3 31. Bc3 e2 32. b7 Bd6 33. a4 e1=Q+ 34.
Rxe1 Rxe1+ 35. Rxe1 Nxe1 36. Nxe1 Rh2+ 37. Kg1 Rxh3 38. Bb4 Bb8 39. a5 Rb3 40.
Nc2 Rb2 41. a6 Rxc2 42. Bd6 Ba7+ 43. Kf1 Rc6 0-1

[Event "World Rapid Women 2019"]
[Site "Moscow RUS"]
[Date "2019.12.27"]
[Round "8.46"]
[White "Paramzina, Anastasya"]
[Black "Nazarova, Anastasia"]
[Result "0-1"]
[WhiteTitle "WGM"]
[BlackTitle "WFM"]
[WhiteElo "2224"]
[BlackElo "2176"]
[WhiteFideId "4165012"]
[BlackFideId "34101737"]
[EventDate "2019.12.26"]

1. e4 c5 2. Nf3 Nc6 3. b3 e5 4. Bb2 d6 5. Bd3 g6 6. c3 Bg7 7. O-O Nge7 8. Bc2
O-O 9. a3 d5 10. exd5 Nxd5 11. d3 Nf4 12. Ne1 Bf5 13. b4 Qd5 14. b5 Ne7 15. c4
Qd6 16. Nc3 Rad8 17. Ne4 Bxe4 18. dxe4 Qxd1 19. Bxd1 Rd2 20. Bc3 Rxd1 21. Rxd1
Ne2+ 22. Kh1 Nxc3 23. Rd7 Nc8 24. f3 b6 25. Rf2 Bf6 26. Rd3 Na4 27. g3 Re8 28.
Ng2 Be7 29. Rfd2 Bg5 30. Re2 Kf8 31. h4 Be7 32. Red2 Nd6 33. Rxd6 Bxd6 34. Rxd6
Ke7 35. Rd5 Ke6 36. Kg1 Nc3 37. Rd2 f5 38. exf5+ gxf5 39. Kf2 Re7 40. Rd3 Na4
41. Ne3 Nb2 42. Rd2 Na4 43. Nd5 Rg7 44. Re2 Kd6 45. Rd2 Ke6 46. Re2 Kd6 47. Kg2
h6 48. Kf2 Rf7 49. Ke1 Rg7 50. Rg2 Ke6 51. Kd1 e4 52. f4 a6 53. bxa6 Ra7 54. Kc2
b5 55. Kb3 bxc4+ 56. Kxc4 Rd7 57. a7 Rxd5 58. Rb2 Nxb2+ 59. Kb5 Rd8 0-1

[Event "World Rapid Women 2019"]
[Site "Moscow RUS"]
[Date "2019.12.27"]
[Round "8.47"]
[White "Geller, Anastasiya"]
[Black "Protopopova, Anastasiya"]
[Result "1-0"]
[WhiteTitle "WFM"]
[BlackTitle "WFM"]
[WhiteElo "2161"]
[BlackElo "2230"]
[WhiteFideId "24119059"]
[BlackFideId "24172073"]
[EventDate "2019.12.26"]

1. e4 c5 2. Nf3 d6 3. d4 cxd4 4. Nxd4 Nf6 5. Nc3 a6 6. Be2 e5 7. Nb3 Be7 8. O-O
O-O 9. Be3 Be6 10. Bf3 Nbd7 11. Re1 Qc7 12. Nd2 Rfd8 13. Nf1 h6 14. Ng3 Nb6 15.
Nd5 Nbxd5 16. exd5 Bd7 17. a4 b5 18. a5 Rf8 19. Qd2 Ne8 20. Bb6 Qb7 21. b3 f5
22. c4 e4 23. Bh5 Rc8 24. Qb4 Nf6 25. Bd1 Rfe8 26. Ne2 Bf8 27. Nf4 g5 28. Ng6
Bg7 29. Qxd6 bxc4 30. bxc4 Kh7 31. Ne7 Rxc4 32. Bb3 Rc3 33. Rab1 Rd3 34. Nc6
Bxc6 35. Qxc6 Qe7 36. Bc2 Rd2 37. Ba4 Rxd5 38. Rbd1 Rxd1 39. Rxd1 Qe6 40. Qb7
Rf8 41. Qxa6 f4 42. Bc2 Kh8 43. Qb7 f3 44. gxf3 Qh3 45. Bxe4 Nh5 46. Qd7 Qh4 47.
Qg4 Qxg4+ 48. fxg4 Nf4 49. Bf3 Nh3+ 50. Kg2 Nf4+ 51. Kf1 Nh3 52. Bb7 Be5 53. a6
Bb8 54. a7 Bxa7 55. Bxa7 Kg7 56. Bd4+ Kf7 57. Bd5+ Kg6 58. Be4+ Kf7 59. Bf5 Rd8
60. Rd2 Rb8 61. Ra2 Nf4 62. Ra7+ Ke8 63. Be5 Rb4 64. Bxf4 gxf4 65. Kg2 Kf8 66.
Rh7 Rb6 67. Kf3 Kg8 68. Kxf4 Rb2 69. Kg3 Rb6 70. h4 Rf6 71. Re7 h5 72. f3 hxg4
73. fxg4 1-0

[Event "World Rapid Women 2019"]
[Site "Moscow RUS"]
[Date "2019.12.27"]
[Round "8.48"]
[White "Agrest, Inna"]
[Black "Khokhlova, Daria"]
[Result "1/2-1/2"]
[WhiteTitle "WIM"]
[WhiteElo "2286"]
[BlackElo "2208"]
[WhiteFideId "1708830"]
[BlackFideId "24182729"]
[EventDate "2019.12.26"]

1. e4 c5 2. Nf3 d6 3. d4 cxd4 4. Nxd4 Nf6 5. Nc3 a6 6. Bg5 Nbd7 7. Qe2 h6 8. Bh4
g6 9. O-O-O Bg7 10. f3 O-O 11. g4 Ne5 12. Bg3 Qa5 13. Nb3 Qc7 14. h3 Be6 15. Nd5
Bxd5 16. exd5 b5 17. Kb1 Nc4 18. c3 Rab8 19. h4 a5 20. g5 Nh5 21. Bf2 Nf4 22.
Qc2 a4 23. Nd4 Nxd5 24. Bxc4 bxc4 25. a3 Nf4 26. gxh6 Bxh6 27. Rhg1 Nd3 28. Rxd3
cxd3 29. Qxd3 e5 30. Nf5 Bg7 31. Nxg7 Kxg7 32. h5 Qb7 33. Qc2 d5 34. hxg6 f6 35.
Rh1 Rh8 36. Rh7+ Rxh7 37. gxh7 Qb3 38. Qd2 Kxh7 39. Bc5 Qc4 40. Qh2+ Kg7 41.
Qg2+ Kf7 42. Qf2 Qxc3 43. Bb4 Qd3+ 44. Ka1 Qa6 45. Qh4 Qf1+ 46. Be1 Qxf3 47.
Qxa4 Kg6 48. Qc2+ e4 49. Bc3 Rh8 50. Ka2 Rh1 51. Qa4 Kg5 52. Qd7 Qf5 53. Qg7+
Qg6 54. Qd7 Rd1 55. Qh3 Rd3 56. Qg2+ Kf5 57. Qf2+ Rf3 58. Qd4 Qf7 59. Ka1 Qe6
60. Qg1 e3 61. Qh1 Qe4 62. Qh5+ Ke6 63. Qe8+ Kf5 64. Qh5+ Ke6 65. Qe8+ Kf5 66.
Qh5+ Ke6 67. Qe8+ 1/2-1/2